Fauna silvestre de la reserva forestal protectora : (Registro nro. 7404)

Detalles MARC
000 -CABECERA
Campo de control 01066nam a22002537a 4500
005 - FECHA Y HORA DE LA ULTIMA TRANSACCION
Campo de control 20160105102549.0
008 - ELEMENTOS DE LONGITUD FIJA—INFORMACION GENERAL
Campo de control 130722b2011 ck ||||| |||| 00| 0 spa d
020 ## - ISBN
ISBN 9789589991008
040 ## - FUENTE DE CATALOGACIÓN
Agencia catalogadora original CO-BoIAVH
Agencia transcriptora CO-BoIAVH
041 ## - IDIOMA
Código de idioma para texto/pista de sonido o título separado Español
044 ## - PAÍS DE PUBLICACIÓN
País de publicación Colombia
082 04 - NUMERO DE CLASIFICACION DECIMAL DEWEY
Número de clasificación 590.9861
Número del ítem G18f
100 1# - ASIENTO PRINCIPAL--NOMBRE PERSONAL
Nombre personal Galvis-Peñuela, Pedro A.
245 10 - MENCION DE TITULO
Título Fauna silvestre de la reserva forestal protectora :
Parte restante del título Montes de Oca, La Guajira, Colombia /
Mención de responsabilidad Pedro A. Galvis Peñuela, Alejandro Mejía Tobón y José Vicente Rueda Almonacid.
260 ## - PUBLICACION, DISTRIBUCION, ETC. (PIE DE IMPRENTA)
Lugar de publicación, distribución, etc. [Bogotá] :
Nombre del editor, distribuidor, etc. CORPOGUAJIRA ,
Fecha de publicación, distribución, etc. 2011.
300 ## - DESCRIPCION FISICA
Extensión 822 páginas :
Otros detalles físicos ilustciones a color ;
Dimensiones 25 cm.
504 ## - NOTA DE BIBLIOGRAFIA, ETC.
Nota de bibliografía Incluye referencias bibliográficas y fichas técnicas de fauna registrada en la reserva forestal.
650 14 - ASIENTO SECUNDARIO DE MATERIA - TERMINO TEMATICO
Término temático o nombre geográfico como elemento de entrada Conservación de la vida silvestre
Subdivisión geográfica Guajira (Colombia)
650 14 - ASIENTO SECUNDARIO DE MATERIA - TERMINO TEMATICO
Término temático o nombre geográfico como elemento de entrada Conservación de especies
Subdivisión geográfica Guajira (Colombia)
650 #6 - ASIENTO SECUNDARIO DE MATERIA - TERMINO TEMATICO
Término temático o nombre geográfico como elemento de entrada Fauna colombiana
700 1# - ASIENTO SECUNDARIO - NOMBRE PERSONAL
Nombre personal Mejía-Tobón, Alejandro
Término de relación autor
700 1# - ASIENTO SECUNDARIO - NOMBRE PERSONAL
Nombre personal Rueda-Almonacid, José Vicente
Término de relación autor
942 ## - ELEMENTOS ADICIONALES (KOHA)
Sistema de clasificación Dewey Decimal Classification
Tipo de ítem Libro
Existencias
Withdrawn status Lost status Sistema de Clasificación Damaged status No para préstamo Colección Inventariado Ubicación Permanente Ubicación actual Fecha de adquisición Fuente de Valor Valor Total Checkouts Número topográfico Inventario / Código de Barras Date last seen Ejemplar Price effective from Tipo de material Date checked out
    Dewey Decimal Classification     General Inventariado 2017 Bogotá Bogotá 05/01/2016 Instituto 39000.00 2 LB-590.9861 G18f 028633 19/02/2020 Ej. 1 05/01/2016 Libro 19/02/2020
    Dewey Decimal Classification     General Inventariado 2017 Sala Fabio Quevedo Sala Fabio Quevedo 22/07/2013 Instituto 39000.00   LB-590.9861 F18f 028634 22/07/2013 Ej. 2 22/07/2013 Libro